Statistics for Culinary Oils

Click here to take the quiz!

General Stats

  • This quiz has been taken 9,134 times
    (8,969 since last reset)
  • The average score is 4 of 6

Answer Stats

# RecipesOil% Correct
8,907Olive Oil
98%
781Canola Oil
74%
238Peanut Oil
54%
318Coconut Oil
51%
779Sesame Oil
42%
137Corn Oil
40%

Score Distribution

Percentile by Number Answered

Percent of People with Each Score

Your Score History

You have not taken this quiz since the last reset